000 00553nam a2200193Ia 4500
999 _c10866
_d10866
003 OSt
005 20191230155127.0
008 190216s9999||||xx |||||||||||||| ||und||
020 _c9780070598553
040 _coclc
082 _a330
_bSAM/E
100 _aSamuelson, Paul A
_9709
245 0 _aEconomics /
_cPaul A Samuelson ; William D Nordhaus
250 _a18th ed.
260 _bMc Graw Hill Publishing Company,
_c2005.
_aNew Delhi:
300 _a776p
650 _aEconomics
942 _cBK
_2ddc
_h330
_iSAM/E
_k330
_mSAM/E